| 000 | 00560nam a2200241Ia 4500 | ||
|---|---|---|---|
| 008 | 210210b1968 xxu||||| |||| 00| 0 eng d | ||
| 041 | _aeng | ||
| 082 | _a512.2 BAUS | ||
| 100 | _aBAUMSLAG (Benjamin) | ||
| 245 | _aSchaums outline of theory and problems of group theory | ||
| 260 |
_aNY _bNot Mentioned _c1968 |
||
| 300 | _a279 | ||
| 650 | _atheory | ||
| 650 | _aSchaums | ||
| 650 | _aproblems | ||
| 650 | _aoutline | ||
| 650 | _aof | ||
| 650 | _agroup | ||
| 650 | _aand | ||
| 690 | _aAlgebra | ||
| 700 | _aCHANDLER (Bruce) | ||
| 906 | _a029445 | ||
| 999 |
_c129711 _d129711 |
||